| 000 | 00433nam a2200157 i 4500 | ||
|---|---|---|---|
| 001 | 77119 | ||
| 003 | ES-MaACL | ||
| 005 | 20230906173105.0 | ||
| 007 | t| | ||
| 008 | 041006s1966 sp ||||1| spa d | ||
| 100 | 1 |
_aGutiérrez Calderón, Teodoro. _961100 |
|
| 245 | 1 | 0 |
_aFrontera lírica / _cTeodoro Gutiérrez Calderón. |
| 260 |
_aMadrid : _bAgora, _c[1966] |
||
| 300 |
_a191 p. ; _c21 cm. |
||
| 852 |
_aES-MaACL _jC-29353 _bR.59717 |
||
| 999 |
_c77119 _d77119 |
||